000 00392nam a2200145Ia 4500
008 231129s1996||||xx |||||||||||||| ||spa||
020 _a84-8013-062-8
040 _bspa
082 _a796.21 D559i
100 _aDiego Nunchi de
245 0 _aIniciación al patinaje artí­stico sobre ruedas
260 _c1996
264 _aGymnos
942 _2ddc
_cBKS
999 _c15707
_d15707